000 00407nam a2200169Ia 4500
008 180921t2017 xxu||||| |||| 00| 0 sin d
041 _asin
080 _aX 954. 3
100 _aKnox , Robert
245 _aඑදා හෙළ දිච
246 _aEda heladiwa
260 _bGunasena
_aColombo
_c2017
300 _b416p, 21cm
942 _cBK
999 _c22
_d22
003 LK-CoDNM
040 _aLK-CoDNM
_dLK-CoDNM
_eLK-CoDNM